L'École de Tabriz : l'Islam aux prises avec la Chine l'Islam aux prises avec la Chine

por Lorey, Eustache de 1875-1953

Publicado: Paris : Les Éditions d'Art et d'Histoire , 1935
Descripción Física: 39 pàg. : il. b/n ; 29 cm
Idioma: French

MARC

LEADER 00000nam a22000007a 4500
001 24720
003 AGDB
005 20260324181538.0
008 251024b fr ||||| |||| 00| 0 fre d
041 |a fre 
100 |a Lorey, Eustache de  |d 1875-1953  |9 72407 
245 |a L'École de Tabriz :  |b l'Islam aux prises avec la Chine 
260 |a Paris :  |b Les Éditions d'Art et d'Histoire ,  |c 1935 
300 |a 39 pàg. :  |b il. b/n ;  |c 29 cm 
500 |a Prové del fons Joan Junyer i Pascual (1909-1994) 
500 |a Extret de la Revue des Arts Asiatiques 
650 |a Fons Joan Junyer i Pascual (1909-1994)  |9 72777 
650 0 |a Pintura islàmica  |9 72920 
650 0 |a Bestiaris  |x Il·lustracions  |9 72921 
942 |2 udc  |c ARXIU  |n 1 
952 |0 0  |1 0  |4 0  |6 F504144  |7 1  |9 98564  |a Arxiu  |b Arxiu  |d 2025-10-24  |l 0  |o F-504-144  |p 24720  |r 2025-10-24 12:28:11  |w 2025-10-24  |y ARXIU 
999 |c 130315  |d 130315